[Event "Berliner Sommer 12th"]
[Site "Berlin"]
[Date "1994.??.??"]
[Round "?"]
[White "Drill, Frank J"]
[Black "Impris, Oleg"]
[Result "0-1"]
[WhiteElo "2140"]
[BlackElo "2345"]
[PlyCount "78"]
[EventDate "1994.08.??"]
[EventType "swiss"]
[EventRounds "9"]
[EventCountry "GER"]
[SourceTitle "EXT 1997"]
[Source "ChessBase"]
[SourceDate "1996.11.15"]
[SourceVersion "1"]
[SourceVersionDate "1996.11.15"]
[SourceQuality "1"]

1. d4 g6 2. e4 d6 3. Nc3 Bg7 4. Be3 Nf6 5. f3 c6 6. Qd2 h5 7. h4 b5 8. 0-0-0 b4 9. Nce2 a5 10. Nf4 e6 11. Ngh3 Nbd7 12. Ng5 Qe7 13. Qf2 a4 14. Kb1 a3 15. b3 c5 16. Ngxe6 fxe6 17. dxc5 Nxc5 18. e5 Nfe4 19. fxe4 Nxe4 20. Bb5+ Bd7 21. Bxd7+ Qxd7 22. Qf3 Nc3+ 23. Ka1 Ra6 24. Nxg6 Nxd1 25. Rxd1 Rg8 26. Qxh5 Qf7 27. Qe2 Rc6 28. h5 Qf5 29. Kb1 Bxe5 30. Rf1 Qe4 31. Qf2 Rc7 32. Bb6 Rh7 33. Re1 Qc6 34. Bd4 Rc7 35. Re2 Rf7 36. Qh4 Qd5 37. Be3 Rf1+ 38. Bc1 Rxc1+ 39. Kxc1 Bb2+ 0-1

[Event "Berliner Sommer 12th"]
[Site "Berlin"]
[Date "1994.??.??"]
[Round "?"]
[White "Goy, Udo"]
[Black "Impris, Oleg"]
[Result "0-1"]
[WhiteElo "2220"]
[BlackElo "2345"]
[PlyCount "85"]
[EventDate "1994.08.??"]
[EventType "swiss"]
[EventRounds "9"]
[EventCountry "GER"]
[SourceTitle "EXT 1997"]
[Source "ChessBase"]
[SourceDate "1996.11.15"]
[SourceVersion "1"]
[SourceVersionDate "1996.11.15"]
[SourceQuality "1"]

1. d4 Nf6 2. Nf3 g6 3. g3 Bg7 4. Bg2 0-0 5. 0-0 d6 6. c4 c5 7. Nc3 Nbd7 8. d5 Rb8 9. h3 Ne5 10. Nxe5 dxe5 11. e4 Ne8 12. Be3 b6 13. Qe2 f5 14. f4 Nd6 15. Rac1 fxe4 16. fxe5 Bxe5 17. g4 Rxf1+ 18. Qxf1 Ba6 19. b3 Qc7 20. Qe1 Rf8 21. Bh6 Bd4+ 22. Kh1 Rf7 23. Nxe4 Nxe4 24. Qxe4 Qd6 25. Re1 Bc8 26. Bg5 Kf8 27. Bh6+ Kg8 28. Bg5 Kf8 29. Bh6+ Ke8 30. Bg5 Bd7 31. Qd3 Bf2 32. Re4 h5 33. Qd2 Bg3 34. gxh5 gxh5 35. Qe2 Bf5 36. Re3 h4 37. Bf3 Rg7 38. Bh5+ Kd8 39. Qb2 Rxg5 40. Qh8+ Kc7 41. Bg4 Bxg4 42. hxg4 Qf6 43. d6+ 0-1

[Event "Oberliga Nord O 9394"]
[Site "Germany"]
[Date "1994.??.??"]
[Round "?"]
[White "Impris, Oleg"]
[Black "Fleischer, Peter"]
[Result "1-0"]
[WhiteElo "2345"]
[BlackElo "2225"]
[PlyCount "69"]
[EventDate "1993.10.??"]
[EventType "team"]
[EventRounds "9"]
[EventCountry "GER"]
[SourceTitle "EXT 1999"]
[Source "ChessBase"]
[SourceDate "1998.11.16"]
[SourceVersion "1"]
[SourceVersionDate "1998.11.16"]
[SourceQuality "1"]

1. Nf3 Nf6 2. g3 b5 3. Bg2 Bb7 4. 0-0 e6 5. d3 d6 6. e4 Nbd7 7. Nbd2 e5 8. a4 a6 9. b3 Be7 10. Ne1 h5 11. h3 c6 12. Bb2 h4 13. g4 bxa4 14. bxa4 Nf8 15. d4 exd4 16. Bxd4 Ne6 17. Be3 g5 18. Rb1 Qc7 19. Nc4 Nd7 20. Nd3 Ne5 21. Bb6 Qb8 22. Ndxe5 dxe5 23. Na5 f6 24. Qd3 Bc8 25. Rfd1 Nf4 26. Qc4 Be6 27. Qxc6+ Kf7 28. Bc5 Rc8 29. Rxb8 Raxb8 30. Bxe7 Rxc6 31. Nxc6 Rb6 32. Rd6 Rb1+ 33. Kh2 Rb2 34. Bd8 Ke8 35. Bxf6 1-0

[Event "Berliner Sommer 12th"]
[Site "Berlin"]
[Date "1994.??.??"]
[Round "?"]
[White "Impris, Oleg"]
[Black "Maljutin, Evgeni"]
[Result "0-1"]
[WhiteElo "2345"]
[BlackElo "2495"]
[PlyCount "122"]
[EventDate "1994.08.??"]
[EventType "swiss"]
[EventRounds "9"]
[EventCountry "GER"]
[SourceTitle "TD"]
[Source "ChessBase"]
[SourceDate "1994.03.01"]
[SourceVersion "1"]
[SourceVersionDate "1994.03.01"]
[SourceQuality "1"]

1. Nf3 d5 2. g3 Nc6 3. d4 Bg4 4. Bg2 Qd7 5. Nc3 e6 6. 0-0 Bb4 7. Qd2 Bxf3 8. Bxf3 f5 9. a3 Be7 10. Na4 Nf6 11. Nc5 Bxc5 12. dxc5 a5 13. b3 Qe7 14. Qf4 0-0 15. Bb2 Qxc5 16. c4 dxc4 17. Rac1 b5 18. a4 Nd5 19. Qg5 Nd4 20. bxc4 bxc4 21. Bxd4 Qxd4 22. Rfd1 Qc5 23. Qh4 f4 24. Qh5 Rad8 25. Be4 g6 26. Bxg6 Rd7 27. g4 hxg6 28. Qxg6+ Kh8 29. Qxe6 Qd6 30. Qe4 c3 31. Rd3 Kg8 32. Qc4 Qb4 33. Rcxc3 Rff7 34. Rc1 Qxc4 35. Rxc4 Nb6 36. Rc5 Rxd3 37. exd3 Nxa4 38. Rxa5 Nb2 39. d4 f3 40. h3 Nd3 41. Ra3 Nc1 42. d5 Ne2+ 43. Kf1 Kf8 44. Re3 Rf4 45. g5 Kf7 46. Ke1 Kg6 47. h4 Nd4 48. Rc3 Rxh4 49. Rxc7 Nf5 50. Rc3 Rf4 51. Rd3 Nd6 52. Kd2 Kxg5 53. Rb3 Kg4 54. Kd3 Nf5 55. Rb5 Kh3 56. d6 Rd4+ 57. Kc3 Nxd6 58. Rh5+ Rh4 59. Rd5 Ne4+ 60. Kd3 Nxf2+ 61. Ke3 Kg3 0-1

[Event "Oberliga Nord O 9394"]
[Site "Germany"]
[Date "1994.??.??"]
[Round "?"]
[White "Schramm, Christian"]
[Black "Impris, Oleg"]
[Result "1-0"]
[WhiteElo "2250"]
[BlackElo "2345"]
[PlyCount "143"]
[EventDate "1993.10.??"]
[EventType "team"]
[EventRounds "9"]
[EventCountry "GER"]
[SourceTitle "EXT 1999"]
[Source "ChessBase"]
[SourceDate "1998.11.16"]
[SourceVersion "1"]
[SourceVersionDate "1998.11.16"]
[SourceQuality "1"]

1. Nf3 Nf6 2. b3 d6 3. Bb2 e5 4. d3 g6 5. g3 Bg7 6. Bg2 0-0 7. 0-0 c6 8. Nbd2 Bg4 9. h3 Bd7 10. c4 c5 11. Ne4 Ne8 12. Nc3 Nc6 13. Ne1 Qc8 14. Kh2 f5 15. a3 f4 16. Rb1 Nf6 17. b4 fxg3+ 18. fxg3 Nh5 19. Nf3 Nd4 20. Nd5 Qd8 21. Qd2 Rb8 22. Nc3 Nf5 23. g4 Bh6 24. g5 Bg7 25. b5 Be6 26. Rf2 Qd7 27. Ne4 Rf7 28. b6 a6 29. Rbf1 Rbf8 30. e3 Qd8 31. Bc3 Qxb6 32. a4 Qc7 33. Rb1 Bd7 34. Ba5 Qb8 35. Rb6 Bc6 36. Ng1 Qc8 37. Ne2 Kh8 38. N2c3 Qd7 39. Kg1 Nh4 40. Rxf7 Rxf7 41. Qe2 Nf5 42. Qe1 Ne7 43. Nd5 Nc8 44. Rb2 Bxd5 45. cxd5 Qxa4 46. h4 Qd7 47. Kh2 Ne7 48. Rxb7 Qxb7 49. Nxd6 Qd7 50. Nxf7+ Kg8 51. Nd8 e4 52. dxe4 Be5+ 53. Kg1 Qg4 54. Qf1 Nf5 55. Nc6 Bg3 56. exf5 Qxh4 57. Ne7+ Kf8 58. fxg6+ Nf4 59. g7+ Kxe7 60. d6+ Kd7 61. Qxf4 Bxf4 62. exf4 Qxf4 63. g8Q Qd4+ 64. Kh2 Qf4+ 65. Kh3 Qf5+ 66. Kg3 Qe5+ 67. Kg4 h5+ 68. Kxh5 Qh2+ 69. Kg6 Qxd6+ 70. Kf5 Qd3+ 71. Be4 Qh3+ 72. Kg6 1-0

[Event "Berliner Sommer 12th"]
[Site "Berlin"]
[Date "1994.??.??"]
[Round "?"]
[White "Urban, Julian"]
[Black "Impris, Oleg"]
[Result "1-0"]
[WhiteElo "2235"]
[BlackElo "2345"]
[PlyCount "61"]
[EventDate "1994.08.??"]
[EventType "swiss"]
[EventRounds "9"]
[EventCountry "GER"]
[SourceTitle "EXT 1997"]
[Source "ChessBase"]
[SourceDate "1996.11.15"]
[SourceVersion "1"]
[SourceVersionDate "1996.11.15"]
[SourceQuality "1"]

1. Nf3 g6 2. g3 Bg7 3. Bg2 e5 4. d3 Ne7 5. 0-0 0-0 6. c4 d6 7. Nc3 c6 8. Qc2 f5 9. Rb1 f4 10. b4 Nf5 11. Bb2 g5 12. Rfe1 g4 13. Nd2 fxg3 14. hxg3 h5 15. e3 h4 16. Nf1 Nd7 17. b5 c5 18. Nd5 Nf6 19. d4 hxg3 20. fxg3 Nh5 21. dxe5 dxe5 22. Nc3 Nhxg3 23. Nxg3 Nxg3 24. Bd5+ Rf7 25. Rf1 Nxf1 26. Rxf1 Qg5 27. Rxf7 Kh8 28. Qh2+ Bh6 29. Nd1 g3 30. Bxe5+ Kg8 31. Qc2 1-0

[Event "Oberliga Nord O 9293"]
[Site "Germany"]
[Date "1993.??.??"]
[Round "?"]
[White "Impris, Oleg"]
[Black "Berndt, Stephan"]
[Result "1-0"]
[WhiteElo "2330"]
[BlackElo "2300"]
[PlyCount "121"]
[EventDate "1992.10.??"]
[EventType "team"]
[EventRounds "9"]
[EventCountry "GER"]
[SourceTitle "EXT 1997"]
[Source "ChessBase"]
[SourceDate "1996.11.15"]
[SourceVersion "1"]
[SourceVersionDate "1996.11.15"]
[SourceQuality "1"]

1. Nf3 Nf6 2. g3 g6 3. b3 Bg7 4. Bb2 0-0 5. Bg2 d5 6. c4 c6 7. 0-0 Bg4 8. d3 Nbd7 9. Nbd2 Re8 10. d4 a5 11. h3 Bxf3 12. Nxf3 Ne4 13. Qc2 a4 14. Rac1 Ndf6 15. Rfd1 Qa5 16. Nd2 Nxd2 17. Qxd2 Qxd2 18. Rxd2 axb3 19. axb3 e6 20. e3 Ne4 21. Rdc2 f5 22. Bf1 Bf8 23. c5 Bg7 24. Bg2 Nf6 25. b4 Nd7 26. f4 Nf6 27. Ba1 Ne4 28. Bxe4 dxe4 29. Kf2 Kf7 30. Ke2 Bf6 31. h4 h5 32. Bc3 Ke7 33. Rb1 b5 34. cxb6 Reb8 35. b5 Rxb6 36. Bb4+ Kd7 37. bxc6+ Rxc6 38. Bc5 Rac8 39. Rb5 Bd8 40. Ra2 Be7 41. Ra7+ R8c7 42. Raa5 Bd8 43. Kd2 Rc8 44. Ra7+ R8c7 45. Ra8 Rc8 46. Ra2 Bf6 47. Ra7+ R8c7 48. Raa5 Bd8 49. Kc3 Rc8 50. Ra7+ R8c7 51. Ra2 Rc8 52. Kb4 Bf6 53. Ra7+ R6c7 54. Ra6 Rc6 55. Rb7+ R8c7 56. Rxc7+ Rxc7 57. d5 Bc3+ 58. Kc4 exd5+ 59. Kxd5 Be1 60. Rxg6 Ke8 61. Ke6 1-0

[Event "Oberliga Nord O 9394"]
[Site "Germany"]
[Date "1993.??.??"]
[Round "?"]
[White "Impris, Oleg"]
[Black "Fieandt, John"]
[Result "1-0"]
[WhiteElo "2345"]
[BlackElo "2275"]
[PlyCount "61"]
[EventDate "1993.10.??"]
[EventType "team"]
[EventRounds "9"]
[EventCountry "GER"]
[SourceTitle "EXT 1999"]
[Source "ChessBase"]
[SourceDate "1998.11.16"]
[SourceVersion "1"]
[SourceVersionDate "1998.11.16"]
[SourceQuality "1"]

1. Nf3 Nf6 2. g3 g6 3. b3 Bg7 4. Bb2 0-0 5. Bg2 d6 6. 0-0 e5 7. d3 h6 8. Nbd2 Nc6 9. e4 Nh7 10. Nc4 Ng5 11. Nxg5 hxg5 12. Ne3 Be6 13. g4 Ne7 14. c3 d5 15. Ba3 dxe4 16. dxe4 Re8 17. Qe2 Qc8 18. Rad1 Bf8 19. h3 Nc6 20. Bxf8 Rxf8 21. Rd2 Rd8 22. Nd5 Kg7 23. Rfd1 Rd6 24. Qe3 f6 25. Nxc7 Rxd2 26. Nxe6+ Qxe6 27. Rxd2 Qe7 28. Bf1 Rd8 29. Bb5 Rd7 30. Kg2 Kg8 31. Rd5 1-0

[Event "Oberliga Nord O 9293"]
[Site "Germany"]
[Date "1993.??.??"]
[Round "?"]
[White "Impris, Oleg"]
[Black "Syre, Christian"]
[Result "1-0"]
[WhiteElo "2330"]
[BlackElo "2275"]
[PlyCount "66"]
[EventDate "1992.10.??"]
[EventType "team"]
[EventRounds "9"]
[EventCountry "GER"]
[SourceTitle "EXT 1997"]
[Source "ChessBase"]
[SourceDate "1996.11.15"]
[SourceVersion "1"]
[SourceVersionDate "1996.11.15"]
[SourceQuality "1"]

1. Nf3 g6 2. g3 Bg7 3. Bg2 e5 4. d3 Nc6 5. c4 d6 6. Nc3 f5 7. h4 Nf6 8. Nd5 h6 9. h5 g5 10. Nxg5 hxg5 11. Bxg5 Rh7 12. e3 Bh8 13. h6 Kf8 14. g4 Nb8 15. gxf5 c6 16. Nc3 Bxf5 17. Qd2 Nbd7 18. 0-0-0 Rf7 19. f4 exf4 20. Bxf4 Qe7 21. Rdf1 Bh7 22. Bg5 Nc5 23. e4 Ne6 24. Bh4 Nd4 25. Rf2 Qe5 26. Rhf1 Ke7 27. Qe3 Rg8 28. Bh3 Rff8 29. Bc8 Kd8 30. Qh3 Qe7 31. Rxf6 Rxf6 32. Rxf6 Rg1+ 33. Kd2 Kc7 1-0

[Event "Berlin"]
[Site "Berlin"]
[Date "1993.??.??"]
[Round "6"]
[White "Impris, Oleg"]
[Black "Thiede, Lars"]
[Result "0-1"]
[WhiteElo "2345"]
[BlackElo "2280"]
[PlyCount "114"]
[EventDate "1993.??.??"]
[EventType "tourn"]
[EventRounds "11"]
[EventCountry "GER"]
[EventCategory "4"]
[SourceTitle "EXT 1999"]
[Source "ChessBase"]
[SourceDate "1998.11.16"]
[SourceVersion "1"]
[SourceVersionDate "1998.11.16"]
[SourceQuality "1"]

1. Nf3 Nf6 2. g3 g6 3. b3 Bg7 4. Bb2 d6 5. d4 0-0 6. Bg2 Nbd7 7. Nbd2 e5 8. dxe5 Ng4 9. Nc4 Ndxe5 10. Nfxe5 Nxe5 11. Nxe5 dxe5 12. 0-0 Qe7 13. Qd2 c6 14. Rfd1 Bf5 15. Qc3 Rfd8 16. e4 Be6 17. Bf1 Rxd1 18. Rxd1 Rd8 19. Rd3 Rd4 20. Qa5 b6 21. Qd2 Rxd3 22. Qxd3 h5 23. h4 g5 24. hxg5 Qxg5 25. Bg2 h4 26. gxh4 Qxh4 27. Qg3 Qxg3 28. fxg3 Kf8 29. Kh2 Bg4 30. Bh3 Bd1 31. c3 Bc2 32. Bg2 Bh6 33. Kh3 Bd1 34. Ba3+ Ke8 35. Bd6 f6 36. c4 Bc2 37. b4 b5 38. cxb5 cxb5 39. Kg4 Kf7 40. Bf3 Kg6 41. Be2 a6 42. Kf3 Bc1 43. Bf1 Ba3 44. Bh3 Kf7 45. Bc8 a5 46. Bb7 Bd3 47. Bd5+ Kg6 48. Ke3 Bc4 49. Kd2 Bxb4+ 50. Bxb4 axb4 51. Ke3 Kg5 52. Kf3 f5 53. Ke3 Bxd5 54. exd5 Kf6 55. Kd3 Ke7 56. Kc2 Kd6 57. Kb3 f4 0-1

[Event "Oberliga Nord O 9394"]
[Site "Germany"]
[Date "1993.??.??"]
[Round "?"]
[White "Simon, Ralf Axel"]
[Black "Impris, Oleg"]
[Result "1-0"]
[WhiteElo "2245"]
[BlackElo "2345"]
[PlyCount "65"]
[EventDate "1993.10.??"]
[EventType "team"]
[EventRounds "9"]
[EventCountry "GER"]
[SourceTitle "EXT 1999"]
[Source "ChessBase"]
[SourceDate "1998.11.16"]
[SourceVersion "1"]
[SourceVersionDate "1998.11.16"]
[SourceQuality "1"]

1. Nf3 Nf6 2. e3 g6 3. b3 Bg7 4. Bb2 0-0 5. c4 c5 6. Be2 Nc6 7. 0-0 d6 8. d4 cxd4 9. Nxd4 Nxd4 10. Qxd4 Bd7 11. Qh4 Bc6 12. Nc3 a5 13. Rad1 Qc7 14. e4 a4 15. b4 a3 16. Ba1 Qb6 17. Rb1 Rfc8 18. Kh1 Qd8 19. Rfd1 Qe8 20. c5 dxc5 21. b5 Bd7 22. e5 Bf5 23. Bd3 Bxd3 24. Rxd3 Nd7 25. Nd5 Bf8 26. b6 Qd8 27. e6 fxe6 28. Rh3 h6 29. Qe4 Qe8 30. Nc7 Rxc7 31. bxc7 Rc8 32. Qxe6+ Kh7 33. Rxb7 1-0

[Event "Berlin"]
[Site "Berlin"]
[Date "1993.??.??"]
[Round "7"]
[White "Votava, Jan"]
[Black "Impris, Oleg"]
[Result "0-1"]
[WhiteElo "2425"]
[BlackElo "2345"]
[PlyCount "120"]
[EventDate "1993.??.??"]
[EventType "tourn"]
[EventRounds "11"]
[EventCountry "GER"]
[EventCategory "4"]
[SourceTitle "EXT 1999"]
[Source "ChessBase"]
[SourceDate "1998.11.16"]
[SourceVersion "1"]
[SourceVersionDate "1998.11.16"]
[SourceQuality "1"]

1. d4 Nf6 2. c4 c5 3. d5 e5 4. Nc3 d6 5. e4 g6 6. f3 Bg7 7. Be3 0-0 8. Nge2 a6 9. Qd2 Re8 10. Ng3 h5 11. Bd3 Nbd7 12. a4 b6 13. Nge2 Nf8 14. h3 Qe7 15. Kd1 Rb8 16. Kc2 Bd7 17. g4 Rec8 18. Bg5 N8h7 19. Bh4 g5 20. Bf2 h4 21. Nd1 Ne8 22. Ne3 Bf6 23. Nc3 Nf8 24. Rhb1 Ng6 25. b4 Nf4 26. Bf1 Qd8 27. Kd1 Nc7 28. Nc2 Ne8 29. a5 cxb4 30. Nxb4 bxa5 31. Nxa6 Rxb1+ 32. Rxb1 Ra8 33. c5 Bc8 34. Nb8 Bxg4 35. fxg4 Rxb8 36. Ra1 dxc5 37. Qa2 Ra8 38. Qa4 Be7 39. Kc2 Qc8 40. Rb1 Nd6 41. Rb6 c4 42. Rc6 Qb7 43. Bc5 Rb8 44. Rb6 Qc7 45. Qc6 Qd8 46. Bxd6 Rxb6 47. Bxe7 Qb8 48. Qxc4 Rb2+ 49. Kc1 Rh2 50. Nb5 Rh1 51. d6 Qb6 52. d7 Qe3+ 53. Kb1 Ne6 54. d8Q+ Nxd8 55. Bxd8 Qf4 56. Na3 Rxf1+ 57. Kb2 Qd2+ 58. Nc2 Qc1+ 59. Kb3 Qb1+ 60. Kc3 Rf3+ 0-1

[Event "Oberliga Nord O 9192"]
[Site "Germany"]
[Date "1992.??.??"]
[Round "?"]
[White "Impris, Oleg"]
[Black "Stippekohl, Peter"]
[Result "1-0"]
[WhiteElo "2330"]
[BlackElo "2245"]
[PlyCount "125"]
[EventDate "1991.10.??"]
[EventType "team"]
[EventRounds "11"]
[EventCountry "GER"]
[SourceTitle "EXT 1997"]
[Source "ChessBase"]
[SourceDate "1996.11.15"]
[SourceVersion "1"]
[SourceVersionDate "1996.11.15"]
[SourceQuality "1"]

1. d4 f5 2. g3 Nf6 3. Bg2 g6 4. c4 Bg7 5. Nc3 0-0 6. Nh3 d6 7. d5 c6 8. Nf4 Bd7 9. h4 Na6 10. h5 Qe8 11. hxg6 hxg6 12. Be3 Ng4 13. Bd4 Qf7 14. Nh3 Bxd4 15. Qxd4 Qf6 16. Qd2 Kg7 17. 0-0-0 Rh8 18. e4 Nc5 19. f4 Nh6 20. e5 dxe5 21. fxe5 Qxe5 22. Rhe1 Qf6 23. Qe3 Ne4 24. Nxe4 fxe4 25. Qxe4 Nf7 26. Nf4 Rae8 27. Rf1 Nd6 28. Ne6+ Bxe6 29. Rxf6 Nxe4 30. Rxe6 cxd5 31. Bxe4 dxe4 32. Rxe4 Rh3 33. Re3 Rc8 34. Rxe7+ Kh6 35. Rd4 b5 36. Rxa7 Rxg3 37. Rad7 bxc4 38. Rd8 Rc5 39. R8d5 Rc7 40. Rd7 Rc5 41. Rh4+ Kg5 42. Rhd4 Rd3 43. Kc2 Rf3 44. R7d5+ Rxd5 45. Rxd5+ Kg4 46. a4 g5 47. a5 Rf6 48. Kc3 Kf4 49. Kxc4 g4 50. b4 g3 51. Rd4+ Kf3 52. Rd3+ Kf2 53. b5 Rf4+ 54. Kc5 g2 55. Rd2+ Kg3 56. Rxg2+ Kxg2 57. b6 Ra4 58. Kb5 Ra1 59. b7 Kf3 60. Kc6 Rc1+ 61. Kd6 Rd1+ 62. Kc7 Rc1+ 63. Kb6 1-0